000305884 001__ 305884
000305884 005__ 20240928181333.0
000305884 0247_ $$aG:(GEPRIS)5392779$$d5392779
000305884 035__ $$aG:(GEPRIS)5392779
000305884 040__ $$aGEPRIS$$chttp://gepris.its.kfa-juelich.de
000305884 150__ $$aTwo-dimensional colloidal systems in anisotropic magnetic fields or in light fields (C02)$$y2002 - 2013
000305884 371__ $$aDr. Peter Keim
000305884 371__ $$aProfessor Dr. Georg Maret
000305884 450__ $$aDFG project G:(GEPRIS)5392779$$wd$$y2002 - 2013
000305884 5101_ $$0I:(DE-588b)2007744-0$$aDeutsche Forschungsgemeinschaft$$bDFG
000305884 550__ $$0G:(GEPRIS)5485412$$aTRR 6: Physik von kolloidalen Dispersionen in äußeren Feldern$$wt
000305884 680__ $$a
000305884 909CO $$ooai:juser.fz-juelich.de:972759$$pauthority$$pauthority:GRANT
000305884 909CO $$ooai:juser.fz-juelich.de:972759
000305884 980__ $$aG
000305884 980__ $$aAUTHORITY